D H Antologia Policial Dick Haskins (Record no. 45841)

MARC details
000 -Etiqueta do registo
Valores 00413nam a2200169 4500
100 ## - Dados gerais de processamento
Dados gerais 20260313 pory50
101 ## - Língua de publicação
Língua por
102 ## - País de publicação
País PT
200 ## - Titulo e menção de responsabilidade
Título próprio D H Antologia Policial Dick Haskins
Primeira menção de responsabilidade Raymond Chandler
210 ## - Publicação
Nome do editor Edições Dêagá
215 ## - Descrição física 
Paginação / Volumes 211, [1] p.
225 ## - Colecção 
Título próprio da colecção D H Antologia Policial Dick Haskins
675 ## - CDU
Notação 82-312.4
801 ## - Fonte de origem
País PT
Regras de catalogação RPC
990 ## - Elementos KOHA
Tipo de documento Livro
Holdings
Aquisição Empréstimo Código de barras Cota Permissão de empréstimo Tipo de documento Nota relativa ao exemplar
Biblioteca Municipal de Redondo Biblioteca Municipal de Redondo 057067 82-312.4 DH   Livro n.º 3 [Antologia policial de autores de várias nacionalidades]

Powered by Koha